00759nas a2200229Ia 4500001001100000003000900011008004100020040001300061040001300074041001300087100004200100210001400142222001400156245009000170250001100260260002800271501008600299300001800385362002400403500006300427650003900490R703/49229IT-RoPAU151124c99999999xx |||||||||||| ||und|| aIT-RoPAU cIT-RoPAU aFRANCESE aCorti MariagCodice Aut. SPICS: 7780 aSEMIOTICA aSemiotica aSEMIOTICA, VOL.07-N.1 (1973)bJeu Comme Generation Du Texte (Le): Des Tarots Au Recit a1a ed. aTHE HAGUEbMOUTONc1973 bPaulus - SPICS - Società San Paolo EM (non-commercial uses only)cCopyright2015 a16 p. [33-48] aVOL.07, N.01 (1973) aGioco Come Generazione di Testo: Dai Tarocchi al Racconto. aSEMIOTICAvPUBBLICAZIONE PERIODICA